000 00789cam a2200217 4500
001 ABS61433
008 000000n1999 000 0 eng u
035 _a(Sirsi) u100549
100 _aMartin, J.
245 _aKPIs: key opportunities for chartered surveyors
260 _c1999
490 _aCSM
_bChartered Surveyor Monthly
_v9(1) September 1999, 28-29(2)
520 _aReports on the aim of key performance indicators to encourage improvements in the construction industry. Gives examples of 'project KPIs' and 'company KPIs'. Graph.
590 _aABS
650 _aPERFORMANCE INDICATORS
650 _aEGAN REFORMS
650 _aCONSTRUCTION INDUSTRY
650 _aKEY PERFORMANCE INDICATORS
690 _aMANAGEMENT-BUSINESS MANAGEMENT-PROFESSIONAL PRACTICE
942 _n0
999 _c60148
_d60148